|
|
|
|
| LEADER |
00000nam a2200000 a 4500 |
| 001 |
vtls001114071 |
| 003 |
SK-MaSNL |
| 005 |
20260301121731.0 |
| 008 |
250414s1979 xo 0 slo |
| 015 |
|
|
|a SNBA1979
|
| 035 |
|
|
|a SNK000056914
|
| 040 |
|
|
|a SNK
|b slo
|c SNK
|e AACR2
|
| 041 |
0 |
|
|a slo
|
| 044 |
|
|
|a xo
|c SK
|
| 080 |
|
|
|a 808.54(075.3)
|2 1981
|
| 100 |
1 |
|
|a Ihnátková, Natália,
|d 1939-
|4 aut
|9 217673
|
| 245 |
1 |
0 |
|a Slovenský jazyk
|b Experimentálny učebný text pre 1. ročník gymnázia
|c Natália Ihnátková, Ľubor Králik, Eugénia Bajzíková
|
| 250 |
|
|
|a 1. vyd.
|
| 260 |
|
|
|a Bratislava
|b SPN
|a S.l.
|b Výsk. ústav pedagog. v Bratislave [vyd.]
|c 1979
|e Nitra
|f Nitrianske tlačiarne
|
| 300 |
|
|
|a 135 s., 5,06 AH
|b Tb. Ilustr. Sch.
|c 20 cm
|
| 366 |
|
|
|e 800 výtl.
|
| 700 |
1 |
|
|a Králik, Ľubor,
|d 1967-
|4 aut
|9 97587
|
| 700 |
1 |
|
|a Bajzíková, Eugénia,
|d 1937-
|4 aut
|9 97586
|
| 852 |
|
|
|a Slovenská národná knižnica
|
| 958 |
|
|
|a OND
|
| 958 |
|
|
|a UC
|
| 958 |
|
|
|a TL
|
| 999 |
|
|
|c 730481
|d 732411
|
| 952 |
|
|
|t P60, <04>, [BOOK], {604}
|a SNK
|b SNK
|y VYP
|7 0
|p 17A0131419
|o snkSC 45690 D1
|0 0
|1 0
|4 0
|d 1998-04-07
|l 0
|r 2004-12-31 00:00:00
|w 2026-02-23
|
| 952 |
|
|
|a SNK
|b SNK
|y PREZ
|7 0
|p 17A0791912
|o snkSC 45690
|0 0
|1 0
|4 0
|d 2012-07-31
|l 0
|r 2025-10-27 00:00:00
|w 2026-02-23
|